Qwerty keyboard countries - Statistics

General Stats
  • This quiz has been taken 22 times
  • The average score is 9 of 26
Answer Stats
Answer % Correct
Qatar
61%
Russia
61%
Laos
50%
Algeria
44%
Australia
44%
Fiji
44%
Israel
44%
Lesotho
44%
Portugal
44%
Togo
44%
Austria
39%
Ethiopia
39%
Iraq
39%
Peru
39%
Haiti
33%
Egypt
28%
Eritrea
28%
Italy
28%
South Korea
28%
Syria
28%
Turkey
28%
Paraguay
22%
Kuwait
17%
Palau
17%
Uruguay
17%
Georgia
11%
No matching quizzes found
Score Distribution
Percent of People with Each Score
Percentile by Number Answered
Your Score History
You have not taken this quiz